Spanish Nouns: Everyday Things 2 - Statistics

General Stats
  • This quiz has been taken 198 times
    7 since last reset
  • The average score is 168 of 500
Answer Stats
Español English % Correct
Acceso Access
67%
Administración Administration
67%
Admisión Admission
67%
Alarma Alarm
67%
Álbum Album
67%
Alerta Alert
67%
Análisis Analysis
67%
Ángulo Angle
67%
Aniversario Anniversary
67%
Aplicación Application
67%
Argumento Argument
67%
Arrogancia Arrogance
67%
Aspecto Aspect
67%
Asistencia Assistance
67%
Audiencia Audience
67%
Autonomía Autonomy
67%
Barra Bar
67%
Nacimiento Birth
67%
Brazalete Bracelet
67%
Calculadora Calculator
67%
Bote/Lata Can
67%
Candidato Candidate
67%
Capacidad (also ability) Capacity
67%
Círculo Circle
67%
Colaboración Collaboration
67%
Comando Command
67%
Compensación Compensation
67%
Competición/Competencia/Concurso Competition
67%
Conclusión Conclusion
67%
Conferencia Conference
67%
Confesión Confession
67%
Confirmación Confirmation
67%
Construcción Construction
67%
Conveniencia Convenience
67%
Trato/Chanchullo (shady, illegal) Deal
67%
Delegación Delegation
67%
Demanda/Exigencia Demand
67%
Dialecto Dialect
67%
Diálogo Dialogue
67%
Dignidad Dignity
67%
Diplomacia Diplomacy
67%
Distracción Distraction
67%
Distribución Distribution
67%
Divorcio Divorce
67%
Economía Economy
67%
Efecto/Vigencia Effect
67%
Elección (also choice) Election
67%
Ascensor Elevator
67%
Fin End
67%
Evaluación (also assessment) Evaluation
67%
Exclusión Exclusion
67%
Experiencia/Vivencia Experience
67%
Exportación Export
67%
Fantasía Fantasy
67%
Figura Figure
67%
Amistad Friendship
67%
Generación Generation
67%
Globo Globe
67%
Grado Grade
67%
Guía Guide
67%
Higiene Hygiene
67%
Ignorancia Ignorance
67%
Ilustración Illustration
67%
Imaginación Imagination
67%
Inmigración Immigration
67%
Impacto Impact
67%
Implicación Implication
67%
Inclusión Inclusion
67%
Independencia Independence
67%
Industria Industry
67%
Inflación Inflation
67%
Instinto Instinct
67%
Intensidad Intensity
67%
Intento (also try, attempt) Intent
67%
Interrupción Interruption
67%
Invitación Invitation
67%
Lección Lesson
67%
Vida Life
67%
Límite Limit
67%
Limitación Limitation
67%
Lógica/Lógico Logic
67%
Revista Magazine
67%
Material Material
67%
Micrófono Microphone
67%
Migración Migration
67%
Monumento Monument
67%
Narración Narration
67%
Negatividad Negativity
67%
Notificación Notification
67%
Objeto Object
67%
Oferta Offer
67%
Organización Organization
67%
Sartén Pan
67%
Pánico Panic
67%
Pasión Passion
67%
Lapicero(a)/Bolígrafo/Birome Pen
67%
Personalidad Personality
67%
Porción Portion
67%
Probabilidad Probability
67%
Proceso Process
67%
Progreso Progress
67%
Proyecto Project
67%
Pronunciación Pronunciation
67%
Realidad Reality
67%
Rebelión Rebellion
67%
Recepción Reception
67%
Receta Recipe
67%
Reflexión Reflection
67%
Representación Representation
67%
República Republic
67%
Respeto Respect
67%
Responsabilidad Responsibility
67%
Rutina Routine
67%
Rubro/Rúbrica Rubric
67%
Sanción Sanction
67%
Selección Selection
67%
Secuencia Sequence
67%
Servicio Service
67%
Tanque/Carro de combate (military) Tank
67%
Cinta adhesiva Tape
67%
Tecnología Technology
67%
Tensión Tension
67%
Terrorismo Terrorism
67%
Tormento Torment
67%
Gira Tour
67%
Turismo Tourism
67%
Traducción Translation
67%
Transporte Transportation
67%
Triángulo Triangle
67%
Verdad Truth
67%
Unión Union
67%
Unidad Unity
67%
Variación Variation
67%
Variedad Variety
67%
Vibración Vibration
67%
Violencia Violence
67%
Visión Vision
67%
Volumen Volume
67%
Abducción Abduction
33%
Accesorio Accessory
33%
Alojamiento Accommodation
33%
Logro (also achievement) Accomplishment
33%
Cuenta Account
33%
Acción Action
33%
Actividad Activity
33%
Afirmación Affirmation
33%
Agresión Aggression
33%
Agonía Agony
33%
Alianza Alliance
33%
Anticipación Anticipation
33%
Disculpas Apology
33%
Asalto Assault
33%
Asociación (also partnership) Association
33%
Vendaje Bandage
33%
Barbacoa Barbeque
33%
Bestia/Fiera Beast
33%
Papelera (also garbage can) Bin
33%
Frenos Brakes
33%
Armario/Gabinete (politics) Cabinet
33%
Celebración Celebration
33%
Ceremonia Ceremony
33%
Certidumbre/Certeza Certainty
33%
Desafío/Reto/Recusación (also disqualification) Challenge
33%
Capítulo Chapter
33%
Cargos (money) Charges
33%
Coro (also choir) Chorus
33%
Circunstancia Circumstance
33%
Clasificación/Tipificación Classification
33%
Despeje Clearance
33%
Paño Cloth
33%
Columna Column
33%
Peine Comb
33%
Comunicación Communication
33%
Compartimento Compartment
33%
Confianza (also trust) Confidence
33%
Consecuencia Consequence
33%
Consistencia Consistency
33%
Contexto Context
33%
Contrato Contract
33%
Contraste Contrast
33%
Contribución Contribution
33%
Conversación Conversation
33%
Corrupción Corruption
33%
Creatividad Creativity
33%
Crédito Credit
33%
Moneda (also coin) Currency
33%
Corriente Current
33%
Decisión Decision
33%
Declaración (also statement) Declaration
33%
Democracia Democracy
33%
Estadísticas demográficas Demographics
33%
Densidad Density
33%
Desodorante Deodorant
33%
Dependencia Dependence
33%
Depósito Deposit
33%
Diseño Design
33%
Diferencia Difference
33%
Disciplina Discipline
33%
Discriminación Discrimination
33%
Discusión Discussion
33%
Disturbio/Perturbación Disturbance
33%
Diversidad Diversity
33%
Muñeca (also wrist) Doll
33%
Duda Doubt
33%
Anteproyecto/Borrador (also eraser) Draft
33%
Pavor Dread
33%
Basurero Dumpster
33%
Polvo Dust
33%
Deber (also owe) Duty
33%
Elegibilidad Eligibility
33%
Eliminación Elimination
33%
Enciclopedia Encyclopedia
33%
Entorno/Ambiente Environment
33%
Episodio Episode
33%
Equipamiento Equipment
33%
Erupción Eruption
33%
Evidencia Evidence
33%
Ejercicio Exercise
33%
Expansión Expansion
33%
Explicación Explanation
33%
Exploración Exploration
33%
Estallido/Explosión Explosion
33%
Expresión Expression
33%
Tela Fabric
33%
Moda Fashion
33%
Miedo/Temor Fear
33%
Filtro Filter
33%
Extintor Fire extinguisher
33%
Fijación Fixation
33%
Asta de bandera Flagpole
33%
Perdón (also pardon) Forgiveness
33%
Fondos Funds
33%
Asimiento (also hold) Grip
33%
Garantía Guarantee
33%
Guitarra Guitar
33%
Oído Hearing
33%
Manguera Hose
33%
Humillación Humiliation
33%
Hidratación Hydration
33%
Identificación Identification
33%
Impresión Impression
33%
Inconsistencia Inconsistency
33%
Inconveniencia Inconvenience
33%
Índice Index
33%
Individuo Individual
33%
Infancia (also childhood) Infancy
33%
Inspiración Inspiration
33%
Inestabilidad Instability
33%
Institución Institution
33%
Instrumento Instrument
33%
Seguros (also safe) Insurance
33%
Intención Intention
33%
Interferencia/Injerencia/Entrometimiento/Intromisión (also intrusion) Interference
33%
Introducción Introduction
33%
Invasión Invasion
33%
Invasividad Invasiveness
33%
Inversión (also inversion) Investment
33%
Ironía Irony
33%
Tarro/Tinaja/Bocal Jar
33%
Jurisdicción Jurisdiction
33%
Jurado Jury
33%
Bondad Kindness
33%
Cortacésped Lawnmower
33%
Legislación Legislation
33%
Tapa Lid
33%
Chaleco salvavidas Lifejacket
33%
Lista List
33%
Loción Lotion
33%
Lujo Luxury
33%
Mercado/Mercadillo/Tianguis Market
33%
Matrimonio Marriage
33%
Significado (also significance) Meaning
33%
Medios Means
33%
Mensaje/Recado Message
33%
Metal Metal
33%
Error Mistake
33%
Malentendido/Error de comprensión Misunderstanding
33%
Modelo Model
33%
Moralidad Morality
33%
Morales Morals
33%
Collar Necklace
33%
Obsesión Obsession
33%
Ofensa Offence
33%
Opinión/Dictamen (also judgement) Opinion
33%
Pintura Paint
33%
Par/Dúo Pair
33%
Contraseña Password
33%
Patrón Pattern
33%
Perfección Perfection
33%
Persuasión Persuasion
33%
Piano Piano
33%
Pieza/Trozo/Pedazo/Cacho Piece
33%
Popularidad Popularity
33%
Positividad Positivity
33%
Alabanza Praise
33%
Precaución Precaution
33%
Preferencia Preference
33%
Prejuicio Prejudice
33%
Preparación (also preparedness) Preparation
33%
Presentación Presentation
33%
Prevención Prevention
33%
Principio Principle
33%
Prioridad Priority
33%
Privacidad Privacy
33%
Producto Product
33%
Perfil Profile
33%
Propuesta Proposal
33%
Charco/Charca Puddle
33%
Pulso/Pulsa Pulse
33%
Trapo Rag
33%
Rango (also rank) Range
33%
Reacción Reaction
33%
Rectángulo Rectangle
33%
Reforma Reform
33%
Refugio (also shelter) Refuge
33%
Renovación Renovation
33%
Reputación Reputation
33%
Resistencia Resistance
33%
Jubilación/Retiro Retirement
33%
Retribución Retribution
33%
Revolución Revolution
33%
Sarcasmo Sarcasm
33%
Escala/Báscula/Balanza Scale
33%
Escándalo Scandal
33%
Asiento Seat
33%
Cinturón de seguridad Seatbelt
33%
Sensación Sensation
33%
Pala Shovel
33%
Señal Signal
33%
Simulación Simulation
33%
Solución Solution
33%
Chispa Spark
33%
Pincho (also skewer) Spike
33%
Deporte Sport
33%
Cuadro/Cuadrado Square
33%
Estadística Statistic
33%
Estimulación Stimulation
33%
Estrategia Strategy
33%
Cuerda (also rope, cord) String
33%
Submarino Submarine
33%
Supervisión Supervision
33%
Sostenibilidad Sustainability
33%
Táctica Tactic
33%
Tarea Task
33%
Impuestos/Tasas Taxes
33%
Tentación Temptation
33%
Textura Texture
33%
Pensamiento Thought
33%
Amenaza Threat
33%
Pañuelo de papel Tissue
33%
Título Title
33%
Tragedia Tragedy
33%
Trompeta Trumpet
33%
Maletero (car)/Tronco (tree)/Trompa (animals) (also horn) Trunk
33%
Incertidumbre Uncertainty
33%
Incógnita Unknown
33%
Utilización Utilization
33%
Validación Validation
33%
Versión Version
33%
Vicio Vice
33%
Violación Violation
33%
Violín Violin
33%
Advertencia Warning
33%
Riqueza Wealth
33%
Telaraña Web
33%
Alambre Wire
33%
Abuso Abuse
0%
Aceptación Acceptance
0%
Afiliación (also membership) Affiliation
0%
Edad Age
0%
Agencia Agency
0%
Acuerdo Agreement
0%
Ansiedad Anxiety
0%
Artículo (also item) Article
0%
Subasta Auction
0%
Concienciación Awareness
0%
Creencia Belief
0%
Ramo Bouquet
0%
Presupuesto Budget
0%
Bala Bullet
0%
Manojo Bundle
0%
Campaña Campaign
0%
Caso/Estuche (also box, kit, pouch, pack, casing, casket) Case
0%
Catálogo Catalogue
0%
Certificado Certificate
0%
Cargador Charger
0%
Tabla Chart
0%
Ciudadanía Citizenship
0%
Racimo Cluster
0%
Colección Collection
0%
Combate Combat
0%
Tez/Complexión Complexion
0%
Cumplimiento (also enforcement, fulfillment) Compliance
0%
Conexión/Acometida (also attack, onslaught) Connection
0%
Consentimiento Consent
0%
Contenedor Container
0%
Contenido Content
0%
Custodia Custody
0%
Muerte Death
0%
Escombros Debris
0%
Defensa Defence
0%
Rebeldía (also rebelliousness) Defiance
0%
Entrega Delivery
0%
Denegación/Negación (also negation) Denial
0%
Desesperación (also desperation) Despair
0%
Desacuerdo/Desavenencia/Desencuentro Disagreement
0%
Descreimiento Disbelief
0%
Descargo de responsabilidad Disclaimer
0%
Disfraz Disguise
0%
Irrespeto Disrespect
0%
Tambores Drums
0%
Duplicado Duplicate
0%
Pendiente Earring
0%
Empleo Employment
0%
Encuentro Encounter
0%
Motor Engine
0%
Desahucio/Desalojo Eviction
0%
Existencia Existence
0%
Libertad Freedom
0%
Combustible/Carburante Fuel
0%
Mueble Furniture
0%
Brecha Gap
0%
Género (also genre) Gender
0%
Aljez Gypsum
0%
Acoso/Hostigamiento Harassment
0%
Vacilación Hesitation
0%
Honor/Honra Honour
0%
Humorismo Humour
0%
Inmadurez Immaturity
0%
Encarcelamiento Imprisonment
0%
Ingresos (also revenue) Income
0%
Inocencia Innocence
0%
Rótulo/Etiqueta (also tag, etiquette) Label
0%
Falta Lack
0%
Demanda judicial Lawsuit
0%
Capa Layer
0%
Fuga/Gotera/Vía de agua Leak
0%
Legado Legacy
0%
Longitud Length
0%
Estilo de vida Lifestyle
0%
Imán Magnet
0%
Buzón/Buzón de correo Mailbox
0%
Máscara/Antifaz/Mascarilla/Cubrebocas/Tapabocas/Barbijo Mask
0%
Madurez Maturity
0%
Travesuras Mischief
0%
Dejación/Incuria Neglect
0%
Juramento Oath
0%
Paquete Package
0%
Rendimiento Performance
0%
Pilar Pillar
0%
Pobreza Poverty
0%
Presencia Presence
0%
Impresora Printer
0%
Proveedor Provider
0%
Bombeo Pump
0%
Marioneta/Títere Puppet
0%
Rompecabezas/Puzle Puzzle
0%
Rapto (also kidnapping) Rapture
0%
Recibo Receipt
0%
Recomendación Recommendation
0%
Recuperación Recovery
0%
Redención Redemption
0%
Lamentación/Arrepentimiento (also repentance) Regret
0%
Regulación/Reglamento/Normativa Regulation
0%
Recuerdo (also memory) Remembrance
0%
Remordimiento Remorse
0%
Requisito/Requerimiento/Menester (also need) Requirement
0%
Renuncia (also waiver)/Resignación Resignation
0%
Recurso Resource
0%
Resultado (also outcome) Result
0%
Retaliación/Represalia/Retorsión Retaliation
0%
Anillo Ring
0%
Bata (also gown) Robe
0%
Serie Series
0%
Envío Shipping
0%
Cesta de la compra Shopping cart
0%
Sitio Site
0%
Habilidad (also ability) Skill
0%
Especulación Speculation
0%
Patrocinador Sponsor
0%
Farra Spree
0%
Estabilidad Stability
0%
Estereotipo Stereotype
0%
Pegatina Sticker
0%
Estigma Stigma
0%
Taburete Stool
0%
Suscripción Subscription
0%
Sustituto/Sustituta Substitute
0%
Protector solar/Crema solar/Pantalla solar Sunscreen
0%
Tema/Temática Theme
0%
Pasta de dientes Toothpaste
0%
Transferencia/Traslado/Traspaso/Trasvase/Transvase/Cesión (also release)/Fichaje (also signing) Transfer
0%
Tratamiento Treatment
0%
Desempleo/Paro (also stop) Unemployment
0%
Furgoneta Van
0%
Jarrón/Florero/Vasija Vase
0%
Ventilación (also ventilation, fan) Vent
0%
Papel pintado/Papel tapiz/Fondo de pantalla Wallpaper
0%
Retirada Withdrawal
0%
Escrito/Escritura (also script, scripture) Writing
0%
No matching quizzes found
Score Distribution
Percent of People with Each Score
Percentile by Number Answered
Your Score History
You have not taken this quiz since the last reset